<?xml version="1.0" encoding="UTF-8"?>
<collection xmlns="http://www.loc.gov/MARC21/slim">
<record>
  <controlfield tag="001">250173</controlfield>
  <controlfield tag="005">20250112184015.0</controlfield>
  <datafield tag="022" ind1=" " ind2=" ">
    <subfield code="a">2692-3106</subfield>
    <subfield code="l">2692-3106</subfield>
  </datafield>
  <datafield tag="024" ind1="7" ind2=" ">
    <subfield code="2">ZDBID</subfield>
    <subfield code="a">PERI:(DE-600)3075034-9</subfield>
  </datafield>
  <datafield tag="024" ind1="7" ind2=" ">
    <subfield code="2">ZDBPPN</subfield>
    <subfield code="a">ZDPPN:1236347323</subfield>
  </datafield>
  <datafield tag="024" ind1="7" ind2=" ">
    <subfield code="2">EZBID</subfield>
    <subfield code="a">PERI:(DE-606)479543</subfield>
  </datafield>
  <datafield tag="024" ind1="7" ind2=" ">
    <subfield code="2">EZBID</subfield>
    <subfield code="a">PERI:(DE-606)479543</subfield>
  </datafield>
  <datafield tag="024" ind1="7" ind2=" ">
    <subfield code="2">OCLC</subfield>
    <subfield code="a">OCLC:1258950235</subfield>
  </datafield>
  <datafield tag="024" ind1="7" ind2=" ">
    <subfield code="2">SCOPUS</subfield>
    <subfield code="a">SCOPUS:21101088221</subfield>
  </datafield>
  <datafield tag="024" ind1="7" ind2=" ">
    <subfield code="2">Medline</subfield>
    <subfield code="a">medline:101765387</subfield>
  </datafield>
  <datafield tag="035" ind1=" " ind2=" ">
    <subfield code="a">PERI:(DE-600)3075034-9</subfield>
  </datafield>
  <datafield tag="040" ind1=" " ind2=" ">
    <subfield code="a">0005</subfield>
    <subfield code="b">ger</subfield>
    <subfield code="c">DE-101</subfield>
    <subfield code="d">JOIN²</subfield>
    <subfield code="e">JOIN² journal identification</subfield>
  </datafield>
  <datafield tag="041" ind1=" " ind2=" ">
    <subfield code="a">eng</subfield>
  </datafield>
  <datafield tag="044" ind1=" " ind2=" ">
    <subfield code="c">XD-US</subfield>
  </datafield>
  <datafield tag="082" ind1=" " ind2=" ">
    <subfield code="2">23sdnb</subfield>
    <subfield code="a">610</subfield>
    <subfield code="q">DE-600</subfield>
  </datafield>
  <datafield tag="082" ind1="7" ind2="4">
    <subfield code="2">23sdnb</subfield>
    <subfield code="a">610</subfield>
    <subfield code="q">DE-600</subfield>
  </datafield>
  <datafield tag="210" ind1="0" ind2=" ">
    <subfield code="2">iso</subfield>
    <subfield code="a">Explor Med</subfield>
  </datafield>
  <datafield tag="210" ind1="0" ind2=" ">
    <subfield code="2">dnlm</subfield>
    <subfield code="a">Explor Med</subfield>
  </datafield>
  <datafield tag="210" ind1="0" ind2=" ">
    <subfield code="2">iso</subfield>
    <subfield code="a">Explor Med</subfield>
  </datafield>
  <datafield tag="242" ind1="2" ind2="0">
    <subfield code="2">DE-600</subfield>
    <subfield code="a">Exploration of medicine</subfield>
    <subfield code="y">en</subfield>
  </datafield>
  <datafield tag="242" ind1="2" ind2="0">
    <subfield code="2">DE-600</subfield>
    <subfield code="a">Exploration of medicine</subfield>
  </datafield>
  <datafield tag="245" ind1=" " ind2=" ">
    <subfield code="2">DE-600</subfield>
    <subfield code="a">Exploration of medicine</subfield>
    <subfield code="h">online</subfield>
  </datafield>
  <datafield tag="246" ind1="3" ind2=" ">
    <subfield code="2">DE-600</subfield>
    <subfield code="a">Exploration of medicine</subfield>
  </datafield>
  <datafield tag="246" ind1="3" ind2=" ">
    <subfield code="a">Exploration of medicine</subfield>
  </datafield>
  <datafield tag="260" ind1=" " ind2=" ">
    <subfield code="a">Xi'an</subfield>
    <subfield code="b">Open Exploration Publishing Inc.</subfield>
    <subfield code="c">[2020] -</subfield>
  </datafield>
  <datafield tag="260" ind1="7" ind2=" ">
    <subfield code="2">DOAJ</subfield>
    <subfield code="a">China</subfield>
    <subfield code="b">Open Exploration Publishing Inc.</subfield>
    <subfield code="d">2021-06-23T12:54:04Z</subfield>
    <subfield code="f">Exploration of Medicine</subfield>
  </datafield>
  <datafield tag="264" ind1="3" ind2="1">
    <subfield code="a">Xi'an</subfield>
    <subfield code="b">Open Exploration Publishing Inc.</subfield>
    <subfield code="c">[2020] -</subfield>
  </datafield>
  <datafield tag="362" ind1="0" ind2=" ">
    <subfield code="2">DE-600</subfield>
    <subfield code="a">Vol. 1, issue 1 (2020) -</subfield>
  </datafield>
  <datafield tag="363" ind1="0" ind2="1">
    <subfield code="2">DE-600</subfield>
    <subfield code="8">1.1\x</subfield>
    <subfield code="a">1</subfield>
    <subfield code="b">1</subfield>
    <subfield code="i">2020</subfield>
  </datafield>
  <datafield tag="380" ind1=" " ind2=" ">
    <subfield code="2">marcgt</subfield>
    <subfield code="a">journal</subfield>
  </datafield>
  <datafield tag="500" ind1=" " ind2=" ">
    <subfield code="a">Automatically generated record. (Updated: 2024-12-05)</subfield>
  </datafield>
  <datafield tag="650" ind1=" " ind2="7">
    <subfield code="0">ASJC:2700</subfield>
    <subfield code="2">ASJC</subfield>
    <subfield code="a">General Medicine</subfield>
  </datafield>
  <datafield tag="650" ind1=" " ind2="7">
    <subfield code="0">ASJC:1313</subfield>
    <subfield code="2">ASJC</subfield>
    <subfield code="a">Molecular Medicine</subfield>
  </datafield>
  <datafield tag="653" ind1="1" ind2="0">
    <subfield code="2">EZB-Subject</subfield>
    <subfield code="a">Medizin</subfield>
  </datafield>
  <datafield tag="653" ind1="1" ind2="0">
    <subfield code="2">EZB-Keyword</subfield>
    <subfield code="a">Allgemeine medizinische Zeitschriften</subfield>
  </datafield>
  <datafield tag="653" ind1="1" ind2="0">
    <subfield code="2">DOAJ</subfield>
    <subfield code="a">human disease</subfield>
    <subfield code="d">2021-06-23T12:54:04Z</subfield>
  </datafield>
  <datafield tag="653" ind1="1" ind2="0">
    <subfield code="2">DOAJ</subfield>
    <subfield code="a">new treatment</subfield>
    <subfield code="d">2021-06-23T12:54:04Z</subfield>
  </datafield>
  <datafield tag="653" ind1="1" ind2="0">
    <subfield code="2">DOAJ</subfield>
    <subfield code="a">pre-clinical and clinical medicine</subfield>
    <subfield code="d">2021-06-23T12:54:04Z</subfield>
  </datafield>
  <datafield tag="653" ind1="1" ind2="0">
    <subfield code="2">DOAJ</subfield>
    <subfield code="a">public health</subfield>
    <subfield code="d">2021-06-23T12:54:04Z</subfield>
  </datafield>
  <datafield tag="653" ind1="1" ind2="0">
    <subfield code="2">DOAJ</subfield>
    <subfield code="a">diagnosis</subfield>
    <subfield code="d">2021-06-23T12:54:04Z</subfield>
  </datafield>
  <datafield tag="653" ind1="1" ind2="0">
    <subfield code="2">DOAJ</subfield>
    <subfield code="a">Medicine: Other systems of medicine</subfield>
    <subfield code="d">2021-06-23T12:54:04Z</subfield>
  </datafield>
  <datafield tag="856" ind1="4" ind2=" ">
    <subfield code="d">0</subfield>
    <subfield code="u">https://ezb.ur.de/?3075034-9</subfield>
    <subfield code="y">EZB</subfield>
  </datafield>
  <datafield tag="856" ind1="4" ind2=" ">
    <subfield code="d">0</subfield>
    <subfield code="u">https://www.explorationpub.com/Journals/em/About_the_Journal#Aims_and_Scope</subfield>
    <subfield code="y">Scope</subfield>
  </datafield>
  <datafield tag="856" ind1="4" ind2=" ">
    <subfield code="d">0</subfield>
    <subfield code="u">https://www.explorationpub.com/Journals/em/Archives</subfield>
    <subfield code="y">Verlag = kostenfrei</subfield>
  </datafield>
  <datafield tag="856" ind1="4" ind2=" ">
    <subfield code="d">0</subfield>
    <subfield code="u">https://www.explorationpub.com/Journals/em/Article_Processing_Charge</subfield>
    <subfield code="y">APC information</subfield>
  </datafield>
  <datafield tag="856" ind1="4" ind2=" ">
    <subfield code="d">0</subfield>
    <subfield code="u">https://www.explorationpub.com/Journals/em/Author_Instructions</subfield>
    <subfield code="y">Instructions for Authors</subfield>
  </datafield>
  <datafield tag="856" ind1="4" ind2=" ">
    <subfield code="d">0</subfield>
    <subfield code="u">https://www.explorationpub.com/Journals/em/Editorial_Board</subfield>
    <subfield code="y">Editorial board</subfield>
  </datafield>
  <datafield tag="856" ind1="4" ind2=" ">
    <subfield code="d">0</subfield>
    <subfield code="u">https://www.explorationpub.com/Journals/em/Editorial_Policies#Peer_Review_Policy</subfield>
    <subfield code="y">Review process</subfield>
  </datafield>
  <datafield tag="880" ind1="1" ind2=" ">
    <subfield code="2">DE-600</subfield>
    <subfield code="a">Exploration of medicine</subfield>
  </datafield>
  <datafield tag="909" ind1="C" ind2="O">
    <subfield code="o">oai:juser.fz-juelich.de:915525</subfield>
    <subfield code="p">authority:PERI</subfield>
    <subfield code="p">authority</subfield>
  </datafield>
  <datafield tag="915" ind1=" " ind2=" ">
    <subfield code="0">StatID:(DE-HGF)0200</subfield>
    <subfield code="2">StatID</subfield>
    <subfield code="a">DBCoverage</subfield>
    <subfield code="b">SCOPUS</subfield>
    <subfield code="d">2024-12-05</subfield>
  </datafield>
  <datafield tag="915" ind1=" " ind2=" ">
    <subfield code="0">StatID:(DE-HGF)0300</subfield>
    <subfield code="2">StatID</subfield>
    <subfield code="a">DBCoverage</subfield>
    <subfield code="b">Medline</subfield>
    <subfield code="d">2024-12-05</subfield>
  </datafield>
  <datafield tag="915" ind1=" " ind2=" ">
    <subfield code="0">StatID:(DE-HGF)0501</subfield>
    <subfield code="2">StatID</subfield>
    <subfield code="a">DBCoverage</subfield>
    <subfield code="b">DOAJ Seal</subfield>
    <subfield code="d">2021-06-23T12:54:04Z</subfield>
  </datafield>
  <datafield tag="915" ind1=" " ind2=" ">
    <subfield code="0">StatID:(DE-HGF)0500</subfield>
    <subfield code="2">StatID</subfield>
    <subfield code="a">DBCoverage</subfield>
    <subfield code="b">DOAJ</subfield>
    <subfield code="d">2021-06-23T12:54:04Z</subfield>
  </datafield>
  <datafield tag="915" ind1=" " ind2=" ">
    <subfield code="0">StatID:(DE-HGF)0030</subfield>
    <subfield code="2">StatID</subfield>
    <subfield code="a">Peer Review</subfield>
    <subfield code="b">DOAJ : Anonymous peer review</subfield>
    <subfield code="d">2021-06-23T12:54:04Z</subfield>
  </datafield>
  <datafield tag="915" ind1=" " ind2=" ">
    <subfield code="0">LIC:(DE-HGF)CCBYNV</subfield>
    <subfield code="2">V:(DE-HGF)</subfield>
    <subfield code="a">Creative Commons Attribution CC BY (No Version)</subfield>
    <subfield code="b">DOAJ</subfield>
    <subfield code="d">2021-06-23T12:54:04Z</subfield>
  </datafield>
  <datafield tag="980" ind1=" " ind2=" ">
    <subfield code="a">PERI</subfield>
  </datafield>
  <datafield tag="980" ind1=" " ind2=" ">
    <subfield code="a">AUTHORITY</subfield>
  </datafield>
  <datafield tag="909" ind1="C" ind2="O">
    <subfield code="o">oai:juser.fz-juelich.de:915525</subfield>
  </datafield>
</record>
</collection>